000 01479nam a2200325 i 4500
003 IT-RoINE
005 20220919093700.0
008 011113s1996 sp o r ||1|| spa d
020 _a8486042186
040 _aUPSA
_cesslup IT-RoINE
_dIT-RoINE
100 1 _926527
_aNieto Fernández, Agustín,
_cO.F.M.,
_d1908-1980
245 1 4 _aLos franciscanos en Murcia :
_bSan Francisco, Colegio de la Purísima y Santa Catalina del Monte : (siglos XIV-XX) /
_cAgustín Nieto Fernández ; edición Rafael Fresneda Collado, Pedro Riquelme Oliva ; prólogo Víctor Sánchez Gil.
260 _aMurcia :
_bEspigas,
_c1996.
300 _aXXIV, 522 p. :
_bfot. ;
_c24 cm.
336 _2rdacontent
_atext
337 _2rdamedia
_aunmediated
338 _2rdacarrier
_avolume
490 1 _aMurcia en sus documentos ;
_v1
490 1 _aArchivo documental para la Historia del Sureste ;
_v4
490 1 _aPublicaciones Instituto Teológico Franciscano.
_aSerie mayor ;
_v17
500 _aIncluye índice y apéndice.
610 2 4 _aFranciscanos
_zEspaña
_zMurcia
_xHistoria
_xFuentes
_926528
700 1 _aFresneda, Rafael
_926529
700 1 _aSánchez Gil, Víctor,
_cO.F.M.,
_d1937-2019
_926531
700 1 _926530
_aRiquelme Oliva, Pedro,
_cO.F.M.,
_d1949-
830 _aMurcia en sus documentos ;
_926532
_v1
830 0 _aArchivo documental para la historia del sureste ;
_967425
_v4
830 0 _93538
_aPublicaciones del Instituto teológico Franciscano.
_pSerie mayor
_v17
942 _cMTS
999 _c13052
_d13052